00875 2200337 4500001002100000005001500021035002000036007000300056008004100059020001800100082001100118084002100129084002100150084002100171100001800192245010500210250001100315260003200326300002600358650002000384504001600404990001300420990001300433990001300446990001300459990001300472990001300485990001300498990001300511990001300524INLIS00000000000796920241215082644 a0010-0222000251ta241215 g 0 ind  a9786025874178 a304.23 a304.23 MOM n C.1 a304.23 MOM n C.2 a304.23 MOM n C.30 aMomon Sudarma1 aNuansa-Nuansa Georafi Moral :bUpaya Geografi Memahami Fenomena Perilaku Masyarakat /cMomon Sudarma aCet. 1 aYogyakarta :bMobius,c2019 a132 hlm ;c17 x 24 cm 4aEkologi Manusia ahal 121-131 a022.6208 a022.6209 a022.6210 a022.7463 a022.7465 a022.7464 a023.4252 a023.4253 a023.4254